Meteorological aspects of environmental pollution in Zambia (Record no. 82879)

MARC details
000 -LEADER
fixed length control field 01116nam a2200217 a 4500
008 - FIXED-LENGTH DATA ELEMENTS--GENERAL INFORMATION
fixed length control field 090615s1976 ||||||||||||||||| || u
050 ## - LIBRARY OF CONGRESS CALL NUMBER
Classification number GOV.ZAM(08)TM/8
100 ## - MAIN ENTRY--PERSONAL NAME
Personal name Acharya, U. R
245 10 - TITLE STATEMENT
Title Meteorological aspects of environmental pollution in Zambia
Statement of responsibility, etc. By U. R. Acharya
260 ## - PUBLICATION, DISTRIBUTION, ETC.
Place of publication, distribution, etc. Lusaka:
Name of publisher, distributor, etc. Government Printer
Date of publication, distribution, etc. 1976
300 ## - PHYSICAL DESCRIPTION
Extent 10p.
350 ## -
-- 0.00
490 ## -
-- Zambia Meteorological Department, Technical Memorandum
500 ## - GENERAL NOTE
General note Technical Memorandum No. 8
650 ## - SUBJECT ADDED ENTRY--TOPICAL TERM
Topical term or geographic name entry element METEOROLOGY--ZAMBIA
650 ## - SUBJECT ADDED ENTRY--TOPICAL TERM
Topical term or geographic name entry element AIR POLLUTION--ZAMBIA
710 ## - ADDED ENTRY--CORPORATE NAME
Corporate name or jurisdiction name as entry element Government of the Republic of Zambia. Meteorological Department
995 ## -
-- SPECIAL COLLECTIONS
-- 0.00
-- 03004113
-- CBU-MAIN LIBRARY (Kitwe)
-- 1
-- 0.00
-- GOV.ZAM(08)TM/8B
-- 2
-- AVAILABLE
-- Jun 15, 2009
-- 03004113
-- Zambiana Collection
995 ## -
-- SPECIAL COLLECTIONS
-- 0.00
-- 03004114
-- CBU-MAIN LIBRARY (Kitwe)
-- 1
-- 0.00
-- GOV.ZAM(08)TM/8C
-- 3
-- AVAILABLE
-- Jun 15, 2009
-- 03004114
-- Zambiana Collection
995 ## -
-- SPECIAL COLLECTIONS
-- 0.00
-- 03004112
-- CBU-MAIN LIBRARY (Kitwe)
-- 1
-- 0.00
-- GOV.ZAM(08)TM/8A
-- 1
-- AVAILABLE
-- Jun 15, 2009
-- 03004112
-- Zambiana Collection
999 ## -
-- 82879
-- 82879
Holdings
Withdrawn status Lost status Source of classification or shelving scheme Damaged status Not for loan Permanent Location Current Location Shelving location Date acquired Total Checkouts Full call number Barcode Date last seen Copy number Price effective from Koha item type
          CBU-MAIN LIBRARY, KITWE. CBU-MAIN LIBRARY, KITWE.   09/29/2023   GOV.ZAM(08)TM/8A 03004112 09/29/2023 1 09/29/2023 SPECIAL COLLECTION
          CBU-MAIN LIBRARY, KITWE. CBU-MAIN LIBRARY, KITWE.   09/29/2023   GOV.ZAM(08)TM/8B 03004113 09/29/2023 2 09/29/2023 SPECIAL COLLECTION
          CBU-MAIN LIBRARY, KITWE. CBU-MAIN LIBRARY, KITWE.   09/29/2023   GOV.ZAM(08)TM/8C 03004114 09/29/2023 3 09/29/2023 SPECIAL COLLECTION